000 00250nam a2200097Ia 4500
001 690117
005 20250826161810.0
008 250824s9999 xx 000 0 und d
245 0 _aYÜREĞİME DOKUNAN ELLER
_cALİŞAN KAPAKLI KAYA
260 _bYEDİVEREN
999 _c690117
_d690117